Statistics for Brooklyn Nets All-NBA Players

Click here to take the quiz!

General Stats

  • This quiz has been taken 163 times
    (126 since last reset)
  • The average score is 5 of 7

Answer Stats

Player% Correct
Kevin Durant
99%
Kyrie Irving
98%
Jason Kidd
96%
Buck Williams
58%
Derrick Coleman
46%
Dražen Petrović
43%
Stephon Marbury
28%

Score Distribution

Percentile by Number Answered

Percent of People with Each Score

Your Score History

You have not taken this quiz since the last reset